Word Ladder: Borscht! Quiz Stats

 Plays Quiz Updated Mar 24, 2016

Challenge
Share
Tweet
Embed
Score 0/30 Timer 03:00
0 Plays Today
Hint 4-Letter Word % Correct
First BowlBEER
97.7%
First BowlBOAR
97.3%
First BowlBEAR
96.1%
Second BowlSENT
95.3%
First BowlSOAR
94.9%
Third BowlBELT
94.4%
First BowlSOAP
94.1%
Fourth BowlBERT
93.8%
Second BowlBENT
93.8%
Third BowlBELL
93.8%
Fourth BowlPOUR
93.8%
Fourth BowlSOUR
93.2%
Second BowlSOUS
92.9%
Second BowlSONS
92.8%
Fourth BowlPOUT
92.2%
Hint 4-Letter Word % Correct
Fourth BowlPORT
91.4%
Third BowlBOIL
90.9%
Fourth BowlPERT
90.1%
Third BowlSOIL
89.9%
Third BowlBOLL
89.1%
Second BowlSONT
88.5%
Third BowlSOUL
88.4%
First BowlSOUP
84.2%
Second BowlSOUP
84.2%
Third BowlSOUP
84.2%
Fourth BowlSOUP
84.2%
First BowlBEET
84%
Second BowlBEET
84%
Third BowlBEET
84%
Fourth BowlBEET
84%

Today's Daily Dose

Missing Word
Madam, I'm Adam

Quick Pick
Meat vs Animal

On This Day
October 21st II

You're not logged in!

Compare scores with friends on all Sporcle quizzes.
Join for Free
OR
Log In

You Might Also Like...

Show Comments

Extras

Top Quizzes Today


Score Distribution

Your Account Isn't Verified!

In order to create a playlist on Sporcle, you need to verify the email address you used during registration. Go to your Sporcle Settings to finish the process.

Report this User

Report this user for behavior that violates our Community Guidelines.

Details: